Văn phạm tiếng Nhật

Salvato in:
Dettagli Bibliografici
Autore principale: Lê Xuân Tùng
Natura: Libro
Lingua:Undetermined
Pubblicazione: LĐXH 2002
Soggetti:
Tags: Aggiungi Tag
Nessun Tag, puoi essere il primo ad aggiungerne! !
Thư viện lưu trữ: Trung tâm Học liệu Trường Đại học Cần Thơ
LEADER 00482nam a2200181Ia 4500
001 CTU_54380
008 210402s9999 xx 000 0 und d
020 |b 16000 
082 |a 495.6 
082 |b V115 
100 |a Lê Xuân Tùng 
245 0 |a Văn phạm tiếng Nhật 
245 0 |c Biên dịch Lê Xuân Tùng 
260 |b LĐXH 
260 |c 2002 
650 |a japanese language 
650 |x grammar 
980 |a Trung tâm Học liệu Trường Đại học Cần Thơ